| 000 | 00625nam a22002177a 4500 | ||
|---|---|---|---|
| 003 | OSt | ||
| 005 | 20210427072057.0 | ||
| 008 | 210223s1964 ||||| |||| 00| 0 eng d | ||
| 040 |
_aeng _beng _cDLC |
||
| 041 | _aeng | ||
| 080 |
_a821.111 _bF-11 |
||
| 100 |
_91079 _aFabre,, Henri. J. |
||
| 245 |
_aThe Insect World of J. Henri Fabre _c/ by: A Premier Book |
||
| 260 |
_aNew York _bA Premier Book _c1964 |
||
| 300 | _a191 p. | ||
| 365 | _b0.6 usd | ||
| 650 | 0 |
_9254 _aEnglish literature |
|
| 653 | _aინგლისური ლიტერატურა | ||
| 700 |
_91080 _aTeale, Way. Edwin _eEditor |
||
| 942 |
_2udc _cBK |
||
| 999 |
_c1667 _d1667 |
||